|
|
|
|
| LEADER |
00897nab a2200265 i 4500 |
| 001 |
publ13745 |
| 005 |
20180821155134.0 |
| 008 |
180821s2018 hu o 0|| zxx d |
| 022 |
|
|
|a 0030-6002
|
| 024 |
7 |
|
|a 10.1556/650.2018.31128
|2 doi
|
| 024 |
7 |
|
|a 3405129
|2 mtmt
|
| 040 |
|
|
|a SZTE Publicatio Repozitórium
|b hun
|
| 041 |
|
|
|a zxx
|
| 100 |
1 |
|
|a Farkas István
|
| 245 |
1 |
0 |
|a Kezdeti tapasztalatok a 99mTc-PSMA-SPECT/CT-vel prosztatarákos betegekben
|h [elektronikus dokumentum] /
|c Farkas István
|
| 260 |
|
|
|a Akadémiai Kiadó
|c 2018
|
| 300 |
|
|
|a 1434-1441
|
| 490 |
0 |
|
|a ORVOSI HETILAP
|v 159 No. 35
|
| 700 |
0 |
1 |
|a Besenyi Zsuzsanna
|e aut
|
| 700 |
0 |
1 |
|a Maráz Anikó
|e aut
|
| 700 |
0 |
1 |
|a Bajory Zoltán
|e aut
|
| 700 |
0 |
1 |
|a Palkó András
|e aut
|
| 700 |
0 |
1 |
|a Sipka Gábor
|e aut
|
| 700 |
0 |
1 |
|a Pávics László
|e aut
|
| 856 |
4 |
0 |
|u http://publicatio.bibl.u-szeged.hu/13745/1/OH_35._Farkas_u.pdf
|z Dokumentum-elérés
|